| 000 | 00000nam 2200000zi 4500 |
| 001 | 9.915787 |
| 003 | CaOODSP |
| 005 | 20251103145105 |
| 006 | m o d f |
| 007 | cr |n||||||||| |
| 008 | 220928s1984 onc obs f000 0 fre d |
| 040 | |aCaOODSP|bfre|erda|cCaOODSP |
| 043 | |an-cn--- |
| 086 | 1 |aJ22-1/1984F-PDF |
| 100 | 1 |aAlford, David G., |eauteur. |
| 245 | 10|aQuelques statistiques sur l'enquête préliminaire au Canada / |cDavid G. Alford, Paul Chumak, Lise Cloutier, David Johnson, David McKercher. |
| 264 | 1|aOttawa : |bSection de la recherche et de la statistique, Direction de la politique, des programmes et de la recherche, Ministère de la justice Canada, |c1984. |
| 300 | |a1 ressource en ligne (iv, 130 pages) |
| 336 | |atexte|btxt|2rdacontent/fre |
| 337 | |ainformatique|bc|2rdamedia/fre |
| 338 | |aressource en ligne|bcr|2rdacarrier/fre |
| 500 | |aPublié aussi en anglais sous le titre : Some statistics on the preliminary inquiry in Canada. |
| 500 | |aÉdition numérisée de l'imprimé [par Ministère de la justice Canada]. |
| 504 | |aComprend des références bibliographiques. |
| 650 | 6|aStatistiques criminelles|zCanada. |
| 650 | 6|aInstruction préparatoire|zCanada|vStatistiques. |
| 710 | 1 |aCanada. |bMinistère de la justice, |eorganisme de publication. |
| 775 | 08|tSome statistics on the preliminary inquiry in Canada |w(CaOODSP)9.837711 |
| 856 | 40|qPDF|s6.79 Mo|uhttps://publications.gc.ca/collections/collection_2022/jus/J22-1-1984-fra.pdf |